| 000 | 00799nam a22001937a 4500 | ||
|---|---|---|---|
| 005 | 20160311135543.0 | ||
| 008 | 160309b mx||||| |||| 00| 0 spa d | ||
| 020 | _a9786074790337 | ||
| 050 | 0 | 4 |
_aHV6250.4W65 _bV56 2010 |
| 245 | 0 | 0 |
_aViolencia contra las mujeres e inseguridad ciudadana en Ciudad Juárez / _cJulia E. Monárrez Fragoso …[et al] coord. |
| 260 |
_aTijuana, Baja California : _bEl Colegio de la Frontera Norte : _bPorrúa, _c2010 |
||
| 300 |
_a584 p. : _bil. ; _c21 cm. |
||
| 504 | _aIncluye bibliografía e índice | ||
| 650 | 0 | 4 |
_aMujeres _xViolencia contra _zChihuahua _zCiudad Juárez |
| 650 | 0 | 4 |
_aAsesinato _zCiudad Juárez _zChihuahua |
| 650 | 0 | 4 |
_aViolencia familiar _zCiudad Juárez _zChihuahua |
| 700 | 1 |
_aMonárrez Fragoso, Julia E., _eedit. |
|
| 942 |
_2lcc _cLIB |
||
| 999 |
_c114422 _d114422 |
||